| 000 | 00888nam a2200277Ia 4500 | ||
|---|---|---|---|
| 001 | Para_1365 | ||
| 003 | CHAP | ||
| 008 | 220125s1999 xx 000 0 und d | ||
| 010 | _a200073 | ||
| 040 | _cCHAP | ||
| 090 | _aPA TESIS 1306 | ||
| 100 |
_aMolina Galván, Julián _977354 |
||
| 245 |
_aControl de la maleza en haba (Vicia faba L.), sembrada en labranza de conservación / _c por Julián Molina Galván |
||
| 260 |
_aChapingo, Méx. : _b El autor |
||
| 300 | _a49 h. | ||
| 502 | _aTesis (Ing. Agr. Esp. en Parasitología Agrícola), UACh. Depto. Parasitología | ||
| 650 |
_aHaba _x malas hierbas _952113 |
||
| 710 |
_aUACh. Departamento de Parasitología Agrícola _9115877 |
||
| 901 | _aPA TESIS 1306 | ||
| 902 | _aA | ||
| 905 | _a0000001999 0000000000 00 | ||
| 910 | _a1999 | ||
| 942 | _cPARA | ||
| 942 |
_cPARA _d1 |
||
| 999 |
_c200073 _d200073 |
||